| 000 | 00791nam a2200241 4500 | ||
|---|---|---|---|
| 001 | 45632 | ||
| 010 | _a9789895763177 | ||
| 021 | _b553961/25 | ||
| 090 | _a45632 | ||
| 100 | _a20260205d2025 k y0pory50030103ba | ||
| 101 | 0 | _apor | |
| 102 | _aPT | ||
| 200 | 1 |
_aO Século XXI _fAntónio Manzoni, José Félix Ribeiro _gpref. Luís Valente de Oliveira _ePortugal e as suas circunstâncias _dTrês séculos de Economia portuguesa |
|
| 205 | _a1.ª ed. | ||
| 210 | 9 |
_aLisboa _cGuerra & Paz, _d2025 |
|
| 215 |
_a181 p. _cil. _d23 cm |
||
| 675 |
_a338.1/.2(469)"2001/2024" _vBN _zpor |
||
| 675 |
_a339.97(469)"2001/2024" _vBN _zpor |
||
| 700 | 1 |
_aManzoni, _bAntónio, _f1961- |
|
| 701 | 1 |
_aRibeiro, _bJosé Félix, _f1948- _4070 |
|
| 702 | 1 |
_aOliveira, _bValente de, _f1937- _4080 |
|
| 801 | 0 |
_aPT _bBN _gRPC |
|
| 990 | _cLIVROS | ||